00409nam a22001337a 4500003000900000005001700009008004100026040002500067082001000092110003300102245005400135260006000189300002600249DO-SdBNP20220119070245.0220119b1998 ||||| |||| 00| 0 spa d aDO-SdBNPbspacBNPHU aF-xxx aDirección General Forestal aSin bosques no hay ríos, sin ríos no hay vida a[Santo Domingo ] :bDirección General Forestal,c1983 a12 p. :bil. ;c23 cm